01435nam a2200277 a 450000100060000000300080000600500170001400800410003103500190007204000340009104100080012508200240013324503640015726000390052130000330056049000480059350400370064165000180067870000300069671000660072683000520079294200120084499900170085695201430087395201410101667980BD-RjUL20211209081722.0170329s1964 ii a b 001 0 eng d a(BD-RjUL)68189 aDLCcOYUdOCoLCdBD-RjULbeng aeng a621.9223bFUN 196410aFundamentals of tool design :bconcerning the theory, principles, and techniques for the modern design of cutting tools, cutting and forming dies, fixtures, and other related tooling /cPrepared under auspices of: Textbooks Subcommittee, Technical Publications Committee, American Society of Tool and Manufacturing Engineers. Frank W. Wilson, editor-in-chief. aNew Delhi :bPrentice-Hall,c1964. avi, 492 p. :bill. ;c24 cm.1 aA.S.T.M.E. manufacturing engineering series aIncludes bibliography and Index. aTools9201494 aWilson, Frank W. 9201495 aAmerican Society of Tool and Manufacturing Engineers.9201493 0aASTME manufacturing engineering series.9201496 2ddccBK c67980d67980 00102ddc40718NFICaRUCLbRUCLcReadingd2021-12-09eAmerican Book g18.75l0o621.9 FUN 1964r2017-03-29 00:00:00tC-1w2017-03-29yBK 00102ddc40708NFICaRUCLbRUCLcStackd1967-01-31eAmerican Book g18.75l0o621.9 FUN 1964r2019-02-13 00:00:00tC-2w2019-02-13yBK